Les chansons de Jacques Brel 1969-1978 - Statistiques

Statistiques générales
  • Ce quiz a été pris 51 fois
  • Le résultat moyen est 10 sur 19
Statistiques - réponses
Indices Chansons % Correct
Sangloter Voir un ami {pleurer}
89%
Cité La {ville} s'endormait
87%
Mois {Mai} 40
80%
Aéroport Orly
80%
Gentil Le {bon} Dieu
78%
Capitale Les remparts de {Varsovie}
78%
Belges Les {F}...
76%
Félin Le {Lion}
73%
Fini L'amour est {mort}
64%
Iles Les {Marquises}
62%
Décéder {Mourir} pour mourir
60%
Eglises Les {Cathédrales}
47%
Song La {chanson} de Van Horst
42%
Politique Jaurès
36%
Diminutif Jojo
31%
Distinction Avec {élégance}
18%
Besoins Sans {exigences}
18%
Station {Knokke le Zoute} tango
16%
Déchoir Vieillir
11%
Aucun quiz correspondant
Distribution des résultats
% des personnes avec chaque résultat
Percentile par nombre de réponses
Votre historique - résultats
Vous n’avez pas pris ce quiz